Formel-1-Fahrer 2000 - 2026 - Statistiken

Allgemein
  • Dieses Quiz wurde 5.592 mal gespielt
    203 seit der letzten Aktualisierung
  • Das Durchschnittsergebnis liegt bei 49 aus 130
Antwortstatistiken
F1-Saisons Team(s) Nationalität Fahrer % Korrekt
2007 - 2026 McLaren; Mercedes; Ferrari GBR Lewis Hamilton
92%
2015 - 2026 Toro Rosso; Red Bull NED Max Verstappen
91%
2001 - 2026 Minardi; Renault; McLaren; Ferrari; Alpine; Aston Martin ESP Fernando Alonso
90%
2000 - 2012 Ferrari; Mercedes GER Michael Schumacher
90%
2000 - 2007 Williams; Toyota GER Ralf Schumacher
90%
2021 - 2022 Haas GER Mick Schumacher
88%
2018 - 2026 Sauber; Ferrari MCO Charles Leclerc
86%
2000 - 2003 Arrows; Minardi NED Jos Verstappen
85%
2025 - 2026 Mercedes ITA Andrea Kimi Antonelli
83%
2010 - 2026 Williams; Force India; Sauber; Renault; Racing Point; Aston Martin; Haas; Audi GER Nico Hülkenberg
83%
2007 - 2022 BMW; Toro Rosso; Red Bull; Ferrari; Aston Martin GER Sebastian Vettel
83%
2013 - 2024 Williams; Mercedes; Alfa Romeo; Sauber; Cadillac FIN Valtteri Bottas
83%
2019 - 2026 Toro Rosso; Red Bull; Williams THA Alexander Albon
81%
2015 - 2026 Toro Rosso; Renault; McLaren; Ferrari; Williams ESP Carlos Sainz jr.
81%
2019 - 2026 McLaren GBR Lando Norris
81%
2017 - 2026 Toro Rosso; Red Bull; Alpha Tauri; Alpine FRA Pierre Gasly
79%
2024 - 2026 McLaren AUS Oscar Piastri
78%
2011 - 2024 Sauber; McLaren; Force India; Racing Point; Red Bull; Cadillac MEX Sergio Pérez
78%
2006 - 2016 Williams; Mercedes GER Nico Rosberg
77%
2019 - 2026 Williams; Mercedes GBR George Russell
76%
2001 - 2021 Sauber; McLaren; Ferrari; Lotus; Alfa Romeo FIN Kimi Räikkönen
76%
2017 - 2026 Williams; Racing Point; Aston Martin CAN Lance Stroll
76%
2016 - 2026 Manor; Force India; Renault; Alpine; Haas FRA Esteban Ocon
74%
2024 - 2026 Ferrari; Haas GBR Oliver Bearman
74%
2021 - 2025 Alpha Tauri; Racing Bulls; Red Bull JPN Yuki Tsunoda
74%
2011 - 2024 HRT; Toro Rosso; Red Bull; Renault; McLaren; Alpha Tauri; Racing Bulls AUS Daniel Ricciardo
72%
2025 - 2026 Racing Bulls; Red Bull FRA Isack Hadjar
67%
2023 - 2026 Alpha Tauri; Racing Bulls; Red Bull NZL Liam Lawson
67%
2002 - 2017 Sauber; Ferrari; Williams BRA Felipe Massa
66%
2000 - 2017 Williams; Benetton; Renault; BAR; Honda; Brawn; McLaren GBR Jenson Button
66%
2024 - 2026 Williams; Alpine ARG Franco Colapinto
65%
2025 - 2026 Sauber; Audi BRA Gabriel Bortoleto
65%
2014 - 2024 McLaren; Renault; Haas DEN Kevin Magnussen
63%
2000 - 2001 McLaren FIN Mika Häkkinen
61%
2002 - 2013 Minardi; Jaguar; Williams; Red Bull AUS Mark Webber
59%
2020 - 2022 Williams CAN Nicholas Latifi
55%
2026 Racing Bulls GBR Arvid Lindblad
54%
2006 - 2019 BMW; Renault; Williams POL Robert Kubica
52%
2009 - 2020 Renault; Lotus; Haas FRA Romain Grosjean
52%
2000 - 2011 Ferrari; Honda; Brawn; Williams BRA Rubens Barrichello
50%
2023 - 2024 Williams USA Logan Sargeant
49%
2022 - 2024 Alfa Romeo; Sauber CHN Zhou Guanyu
49%
2010 - 2012 HRT; Renault; Williams BRA Bruno Senna
47%
2022 - 2023 Williams; Alpha Tauri NED Nyck de Vries
45%
2024 - 2025 Alpine AUS Jack Doohan
44%
2021 Haas RUS Nikita Masepin
44%
2011 - 2015 Williams; Lotus VEN Pastor Maldonado
43%
2000 - 2008 McLaren; Red Bull GBR David Coulthard
42%
2007 - 2014 Spyker; Force India; Sauber GER Adrian Sutil
41%
2000 - 2011 Prost; Sauber; Jordan; Williams; BMW; Renault GER Nick Heidfeld
41%
2017 - 2021 Sauber; Alfa Romeo ITA Antonio Giovinazzi
40%
2004 - 2012 Jordan; Toyota; Virgin; Marussia GER Timo Glock
39%
2000 - 2009 Benetton; Jordan; Sauber; Renault; Force India; Ferrari ITA Giancarlo Fisichella
37%
2000 - 2006 BAR; Renault; Sauber; BMW CAN Jacques Villeneuve
37%
2001 - 2006 Williams; McLaren COL Juan Pablo Montoya
37%
2016 - 2017 Manor; Sauber GER Pascal Wehrlein
37%
2016 - 2018 McLaren BEL Stoffel Vandoorne
37%
2020 Haas BRA Pietro Fittipaldi
36%
2009 - 2014 Toyota; Sauber; Caterham JPN Kamui Kobayashi
34%
2014 - 2018 Caterham; Sauber SWE Marcus Ericsson
34%
2009 - 2011 Toro Rosso SUI Sébastien Buemi
34%
2013 - 2014 Marussia FRA Jules Bianchi
33%
2007 - 2013 Renault; McLaren; Lotus; Caterham FIN Heikki Kovalainen
32%
2008 - 2009 Renault BRA Nelson Piquet jr.
32%
2000 - 2011 Jordan; Renault; Toyota; Lotus ITA Jarno Trulli
31%
2000 - 2003 Jordan; Prost; Arrows; Sauber GER Heinz-Harald Frentzen
30%
2020 Williams GBR Jack Aitken
29%
2004 - 2010 Jaguar; Red Bull; HRT AUT Christian Klien
26%
2014 - 2020 Toro Rosso; Red Bull; Alpha Tauri RUS Daniil Kwjat
26%
2000 - 2002 Jaguar GBR Eddie Irvine
26%
2002 - 2008 Jordan; BAR; Super Aguri JPN Takuma Satō
26%
2017 - 2018 Toro Rosso NZL Brendon Hartley
25%
2013 - 2016 Sauber; Haas MEX Esteban Gutiérrez
25%
2015 - 2016 Sauber BRA Felipe Nasr
25%
2006 - 2007 Toro Rosso USA Scott Speed
25%
2018 Williams RUS Sergei Sirotkin
25%
2000 - 2007 Benetton; McLaren; Williams AUT Alexander Wurz
23%
2016 - 2017 Renault GBR Jolyon Palmer
23%
2012 - 2014 Toro Rosso FRA Jean-Éric Vergne
21%
2011 - 2017 Force India; Williams GBR Paul di Resta
21%
2000 - 2012 Arrows; Jaguar; McLaren; Sauber; HRT ESP Pedro de la Rosa
21%
2000 - 2001 Prost; Jordan FRA Jean Alesi
20%
2005 - 2012 Jordan; HRT IND Narain Karthikeyan
19%
2005 - 2011 Red Bull; Toro Rosso; Force India; HRT ITA Vitantonio Liuzzi
19%
2000 - 2002 Sauber; Toyota FIN Mika Salo
18%
2010 - 2012 Renault; Caterham RUS Witali Petrow
18%
2009 - 2011 Toro Rosso ESP Jaime Alguersuari
17%
2007 Spyker GER Markus Winkelhock
17%
2013 - 2014 Marussia GBR Max Chilton
17%
2008 - 2009 Toro Rosso FRA Sébastien Bourdais
17%
2014 Caterham GER André Lotterer
15%
2005 - 2007 Minardi; Midland; Spyker NED Christijan Albers
15%
2009 Ferrari ITA Luca Badoer
15%
2016 Manor IDN Rio Haryanto
15%
2006 Super Aguri JPN Yūji Ide
15%
2015 Marussia USA Alexander Rossi
14%
2000 Jaguar GBR Johnny Herbert
14%
2001 - 2004 BAR; Toyota FRA Olivier Panis
14%
2003 - 2004 Jordan; Minardi HUN Zsolt Baumgartner
14%
2002 - 2008 Minardi; BAR; Super Aguri GBR Anthony Davidson
13%
2012 - 2013 Marussia; Caterham FRA Charles Pic
13%
2010 - 2011 HRT; Lotus IND Karun Chandhok
13%
2007 - 2009 Williams JPN Kazuki Nakajima
13%
2005 - 2006 Jordan; Midland POR Tiago Monteiro
13%
2000 - 2004 BAR; Jordan; Toyota BRA Ricardo Zonta
12%
2015 Marussia ESP Roberto Merhi
12%
2014 - 2015 Caterham; Marussia GBR Will Stevens
12%
2003 - 2005 Jaguar; Williams BRA Antonio Pizzonia
11%
2013 Caterham NED Giedo van der Garde
11%
2011 - 2012 Virgin; Lotus BEL Jerome D'Ambrosio
11%
2010 Virgin BRA Lucas di Grassi
11%
2000 - 2001 Jaguar; Prost BRA Luciano Burti
11%
2005 - 2006 Minardi; Red Bull NED Robert Doornbos
11%
2005 Minardi AUT Patrick Friesacher
10%
2006 - 2010 Super Aguri; Spyker; HRT JPN Sakon Yamamoto
10%
2001 - 2002 Minardi MYS Alex Yoong
9%
2003 - 2004 Toyota BRA Cristiano da Matta
8%
2006 Super Aguri FRA Franck Montagny
8%
2004 Minardi ITA Gianmaria Bruni
8%
2003 Minardi; Jaguar GBR Justin Wilson
8%
2000 - 2004 Minardi; Williams ESP Marc Gené
8%
2003 Jordan IRL Ralph Firman
8%
2002 Toyota GBR Allan McNish
7%
2001 - 2002 Arrows BRA Enrique Bernoldi
7%
2004 Jordan ITA Giorgio Pantano
6%
2003 Minardi DEN Nicolas Kiesa
6%
2000 Sauber BRA Pedro Diniz
6%
2001 Prost CZE Tomáš Enge
6%
2001 Minardi BRA Tarso Marques
5%
2000 - 2001 Minardi; Prost ARG Gastón Mazzacene
3%
Keine übereinstimmenden Quizze gefunden
Verteilung der Resultate
Anzahl Personen mit jedem Resultat
Perzentil nach korrekt beantworteten Fragen
Ihre Resultats-Entwicklung
Sie haben dieses Quiz seit der letzten Aktualisierung nicht gespielt